1655 1840 1552 1037 1351 1695 1709 1594 1149 1250 1921 1609 1219 1324 1376 1793 1540 1855 1861 1576 1219 1810 1966 1959 1133 1069 1280 1880 1909 1173 1014 1315 1600 1646 1062 1673 1492 1210 1886 1572 1376 1072 1319 1155 1155 1513 1296 1723 1999 1357 1591 1343 1512 1541 1722 1417 1754 1754 1442 1302 1239 1766 1644 1432 1858 1704 1819 1531 1601 1729 1185 1420 1636 1012 1084 1675 1129 1860 1930 1416 1080 1236 1167 1229 1840 1091 1104 1964 1686 1819 1291 1094 1934 1193 1245 1651 1729 1224 1655 BCNSPRNW ULIB Ver.6.0+V

เปลี่ยนเป็นภาษาไทย

Change to English
 แสดงรายละเอียดบรรณานุกรม
  กลับหน้าหลัก

Brief Record : Get Marc (ISO 2709) : E-mail record : QR code < ปิดหน้าต่าง
LEADER : 00000nam 2200000uu 4500
001    13399127160
003     ULIB
008    191018s2562||||th 000 0 tha d
020 ^  ^a9786168142363
050  0 ^aนว.^bป534ร
100 0  ^aปัณภัส.
245 1  ^aรัก (กรรณ) วันละนิด /^cปัณภัส.
260 ^  ^aกรุงเทพฯ :^bทัช,^c2562.
300 ^  ^a272 หน้า ;^c21 ซม.
945    ^p230^l0^i006347
999    ^aประนอม เกษจรัล
รายการนี้ยังไม่มีแท็ก
คุณยังไม่ได้ล็อกอิน คุณสามารถมีกิจกรรมร่วมกับเว็บไซต์ได้ แต่ต้องล็อกอินก่อน ::
  ล็อกอิน

รายการสื่อสารสนเทศ

ลำดับที่ ประเภท เลขเรียก/บาร์โค้ด สถานที่ สถานะ
1. นวนิยาย
นวนิยาย
นว. ป534ร ฉ.1 
  Barcode: 006347
ห้องสมุดวิทยาเขตนครสวรรค์
►นวนิยาย:l:Fiction
บนชั้น

รายการใกล้เคียง
    ผู้แต่ง [ปัณภัส.]

BibComment


ยังไม่เคยถูกคอมเมนท์

คอมเมนท์ทรัพยากรรายการนี้
  คอมเมนท์: รัก กรรณ วันละนิ..


 Copyright 2026. Bcnsprnw @Library